000
00330nam a22001457a 4500
020
_a
81-315-1679-2
041
_a
ENG
100
_a
Masters
245
_a
Personal Develoment For Life and Work
250
_a
10th Edition
260
_a
Delhi
_b
Cengage learning
_c
2011
650
_a
English
700
_a
Wallace
856
_u
English
999
_c
21
_d
21